000 00502cam a2200193ua 4500
001 5544
008 131004n ii |||gr||||Z||||||eng
020 _a81-8324-079-8
040 _cMAIN
082 _a305.4
245 _aIndian Women :
_bThe Ushering Of A New Dawn /
_cby Krishna Bhowmik .
250 _a1st ed.
260 _aNew Delhi:
_bMittal Publications,
_c2006.
300 _avii,159p.
653 _aSociology
653 _aIndian Women
700 1 _aBhomik,Krishna.,
_eAuthor.
942 _cBK
999 _c4710
_d4710